Sébastopol - Choix Multiples - Statistiques

Statistiques générales
  • Ce quiz a été pris 36 fois
  • Le résultat moyen est 5 sur 10
Statistiques - réponses
Question Réponse % Correct
Sur quelle péninsule se trouve Sébastopol ? Crimée
91%
Quelle mer borde la ville ? Mer Noire
91%
Quel organisme basé dans la ville est très marquant dans l'économie, la culture et la politique de Sébastopol ? Base navale
78%
Laquelle de ces villes portuaires jumelées à Sébastopol ne se trouve pas en Russie ? Galati
59%
Quelle célèbre phrase aurait prononcé le général Mac Mahon lors du siège de Sébastopol en 1855 ? J’y suis, j’y reste
59%
Comment les Soviétiques récompensèrent-ils la ville après la Seconde Guerre Mondiale ? En lui decernant le titre de "ville héros"
50%
Quels furent les premiers habitants de la cité ? Les Grecs
47%
Quel célèbre auteur russe a raconté ses expériences du siège de Sébastopol dans un recueil paru en 1856 ? Léon Tolstoï
28%
Est-il possible de voir la côte ukrainienne depuis Sébastopol ? Non, elle se trouve trop loin
22%
Selon son nom, que célèbre ce monument au large de Sébastopol ?
Les navires coulés
13%
Aucun quiz correspondant
Distribution des résultats
% des personnes avec chaque résultat
Percentile par nombre de réponses
Votre historique - résultats
Vous n’avez pas pris ce quiz